ბათუმის შოთა რუსთაველის სახელმწიფო უნივერსიტეტის ბიბლიოთეკა

A Roman Town. (ბიბ.ჩანაწერი № 60713)

000 -LEADER
fixed length control field 00462nam a22001817a 4500
005 - DATE AND TIME OF LATEST TRANSACTION
control field 20231011161423.0
008 - FIXED-LENGTH DATA ELEMENTS--GENERAL INFORMATION
fixed length control field 231011s1989 enk||||| |||| 00| 0 eng d
020 ## - INTERNATIONAL STANDARD BOOK NUMBER
International Standard Book Number 086272208x
041 ## - LANGUAGE CODE
Language code of text/sound track or separate title eng
080 ## - UNIVERSAL DECIMAL CLASSIFICATION NUMBER
Universal Decimal Classification number 94(37) U-91
100 ## - MAIN ENTRY--PERSONAL NAME
Personal name Unstead, Rutland
9 (RLIN) 20064
245 ## - TITLE STATEMENT
Title A Roman Town.
Statement of responsibility, etc. Jonathan Rutland.
264 ## - PRODUCTION, PUBLICATION, DISTRIBUTION, MANUFACTURE, AND COPYRIGHT NOTICE
Place of production, publication, distribution, manufacture London,
Date of production, publication, distribution, manufacture, or copyright notice 1989.
300 ## - PHYSICAL DESCRIPTION
Extent 32 p.:
Other physical details ill. ;
Dimensions 29 cm.
653 ## - INDEX TERM--UNCONTROLLED
keyword რომი
653 ## - INDEX TERM--UNCONTROLLED
keyword ისტორია
942 ## - ADDED ENTRY ELEMENTS (KOHA)
Source of classification or shelving scheme
Koha item type წიგნი
ეგზემპლარები
Withdrawn status Lost status Source of classification or shelving scheme Damaged status Not for loan Permanent Location Current Location Shelving location Date acquired Cost, normal purchase price Full call number Barcode Date last seen Copy number Uniform Resource Identifier Price effective from Koha item type Public note
          ბათუმის შოთა რუსთაველის სახელმწიფო უნივერსიტეტის მთავარი ბიბლიოთეკა ბათუმის შოთა რუსთაველის სახელმწიფო უნივერსიტეტის მთავარი ბიბლიოთეკა წიგნსაცავი 2023-10-11 5.00 94(37) U-91 65265 2023-10-11 65265 ბსუ-ს საპატიო დოქტორის გურამ ლორთქიფანიძის საჩუქარი 2023-10-11 წიგნი 5 ლ.